00632na a2200181 450000100060000000300080000600500170001400800410003104000250007204100080009708200280010524501120013324600430024526000460028830000180033465000370035271000610038919013MIRAKIL20181213155052.0161206b tu 000 0  aMilasbturcTR-AnCHP atur a384.54043bÖ93 [1993] aÖzel-yerel radyo yayıncılığı ve Almanya deneyimib(Yasal, ekonomik, örgütsel temeller)cTÜSES aYasal, ekonomik, örgütsel temeller a[İstanbul]bTÜSES Yayınlarıc[1993] a43 s.c27 sm. aRadyo yayıncılığızAlmanya aTürkiye Sosyal Ekonomik Siyasal Araştırmalar Vakfı